[Event "Toronto int."]
[Site "Toronto CAN"]
[Date "1998.05.18"]
[Round "8"]
[White "Haessel, Dale"]
[Black "Gregorz, Ralph"]
[Result "1/2-1/2"]
[WhiteElo "2225"]
[BlackElo "2210"]
[PlyCount "92"]
[GameId "2160767911873382"]
[EventDate "1998.05.14"]
[EventType "swiss"]
[EventRounds "9"]
[EventCountry "CAN"]
[SourceTitle "CBM 65 ext"]
[Source "ChessBase"]
[SourceDate "1998.09.09"]
[SourceVersion "1"]
[SourceVersionDate "1998.09.09"]
[SourceQuality "1"]

1. e4 e6 2. d4 d5 3. Nd2 c5 4. exd5 Qxd5 5. Ngf3 cxd4 6. Bc4 Qd6 7. O-O Nf6 8. Nb3 Nc6 9. Nbxd4 Nxd4 10. Qxd4 Qxd4 11. Nxd4 Be7 12. Bf4 Bd7 13. Rad1 O-O 14. c3 Rfd8 15. Rfe1 Rac8 16. Bb3 Kf8 17. a4 Bc6 18. Nxc6 bxc6 19. h3 Rxd1 20. Rxd1 Nd5 21. Bg3 Bd8 22. c4 Nf6 23. Bd6+ Be7 24. Be5 Ke8 25. Bc2 g6 26. a5 Rd8 27. Rxd8+ Kxd8 28. b4 Nd7 29. Bc3 Kc7 30. Kf1 a6 31. Ke2 Kb7 32. Bd3 Kc7 33. g3 Kb7 34. Be4 Kc7 35. Kd3 Bf8 36. Bd2 Bd6 37. Kc3 Be5+ 38. Kb3 Bd6 39. Be3 Be7 40. Bf4+ e5 41. Be3 Bf8 42. g4 f6 43. Kc3 Be7 44. b5 cxb5 45. cxb5 axb5 46. a6 Nc5 1/2-1/2

[Event "Toronto int."]
[Site "Toronto CAN"]
[Date "1998.05.18"]
[Round "8"]
[White "Hum, Peter"]
[Black "Wight, Keith"]
[Result "1-0"]
[WhiteElo "2267"]
[BlackElo "2163"]
[PlyCount "101"]
[GameId "2160767911873385"]
[EventDate "1998.05.14"]
[EventType "swiss"]
[EventRounds "9"]
[EventCountry "CAN"]
[SourceTitle "CBM 65 ext"]
[Source "ChessBase"]
[SourceDate "1998.09.09"]
[SourceVersion "1"]
[SourceVersionDate "1998.09.09"]
[SourceQuality "1"]

1. d4 Nf6 2. Bg5 Ne4 3. Bf4 c5 4. f3 Qa5+ 5. c3 Nf6 6. d5 g6 7. e4 d6 8. Qd2 h6 9. Na3 Bg7 10. Nc4 Qd8 11. a4 Nbd7 12. Nh3 Nh5 13. Be3 Rb8 14. Nf2 b6 15. Be2 Qc7 16. f4 Nhf6 17. O-O O-O 18. e5 Nh7 19. exd6 exd6 20. Ne4 Ndf6 21. Nexd6 Ba6 22. Bf3 Rbd8 23. Nb5 Bxb5 24. axb5 Nxd5 25. Bxd5 Nf6 26. Bxf7+ Qxf7 27. Qe2 Nd5 28. Bd2 Rfe8 29. Ne5 Qf5 30. Rxa7 Nxf4 31. Qc4+ Qe6 32. Qxf4 Qxe5 33. Qf7+ Kh8 34. Bxh6 Rg8 35. Re7 Qxe7 36. Qxe7 Bxh6 37. Qf6+ Kh7 38. Qe7+ Kh8 39. Qf6+ Kh7 40. Qxb6 Be3+ 41. Kh1 Rgf8 42. Qa7+ Kh6 43. Qa1 c4 44. Rxf8 Rxf8 45. g3 Rf2 46. Qa2 Kh5 47. Qxc4 g5 48. h3 Bb6 49. Qg4+ Kg6 50. Qe4+ Kh5 51. Qh7# 1-0

[Event "Toronto int."]
[Site "Toronto CAN"]
[Date "1998.05.18"]
[Round "8"]
[White "Jung, Hans"]
[Black "Calton, Bill"]
[Result "0-1"]
[WhiteElo "2240"]
[BlackElo "2270"]
[PlyCount "80"]
[GameId "2160767911873386"]
[EventDate "1998.05.14"]
[EventType "swiss"]
[EventRounds "9"]
[EventCountry "CAN"]
[SourceTitle "CBM 065 Extra"]
[Source "ChessBase"]
[SourceDate "1998.09.09"]
[SourceVersion "1"]
[SourceVersionDate "1998.09.09"]
[SourceQuality "1"]

1. Nc3 d5 2. e4 Nf6 3. e5 Ne4 4. Nce2 d4 5. c3 dxc3 6. Qa4+ Nd7 7. Qxe4 Nc5 8. Qc2 Nd3+ 9. Kd1 Nxf2+ 10. Ke1 cxb2 11. Bxb2 Nxh1 12. Nd4 e6 13. Qe4 Be7 14. Ngf3 c5 15. Nb5 Bd7 16. Nd6+ Bxd6 17. exd6 O-O 18. Bd3 f5 19. Qe5 Rf6 20. Qxc5 Rg6 21. Qg1 Bc6 22. Qxh1 Qxd6 23. Be2 Rd8 24. Be5 Qb4 25. Bc3 Qc5 26. Qf1 e5 27. Qf2 Qxf2+ 28. Kxf2 e4 29. Ne5 e3+ 30. Kxe3 Rxg2 31. Nxc6 bxc6 32. Bf3 Rxh2 33. Bxc6 g5 34. Rb1 Rh6 35. Ba4 Kf7 36. Rb7+ Kg6 37. Rxa7 Kh5 38. Bc2 Kg4 39. Bd1+ Kg3 40. Rg7 Re6+ 0-1

[Event "Toronto int."]
[Site "Toronto CAN"]
[Date "1998.05.18"]
[Round "8"]
[White "Kreiman, Boris"]
[Black "Ziatdinov, Raset"]
[Result "1-0"]
[WhiteElo "2445"]
[BlackElo "2515"]
[PlyCount "33"]
[GameId "2160767911873388"]
[EventDate "1998.05.14"]
[EventType "swiss"]
[EventRounds "9"]
[EventCountry "CAN"]
[SourceTitle "CBM 65 ext"]
[Source "ChessBase"]
[SourceDate "1998.09.09"]
[SourceVersion "1"]
[SourceVersionDate "1998.09.09"]
[SourceQuality "1"]

1. e4 e5 2. Nf3 Nc6 3. d4 exd4 4. Nxd4 Nf6 5. Nxc6 bxc6 6. e5 Ne4 7. Qf3 Nc5 8. Bc4 Ne6 9. Nc3 Bb4 10. O-O O-O 11. Ne4 d5 12. exd6 cxd6 13. a3 Ba5 14. b4 Bc7 15. Bd3 d5 16. Ng3 Be5 17. Qf5 1-0

[Event "Toronto int."]
[Site "Toronto CAN"]
[Date "1998.05.18"]
[Round "8"]
[White "Linskiy, Oleg"]
[Black "Yee, Lorne"]
[Result "1-0"]
[WhiteElo "2375"]
[BlackElo "2189"]
[PlyCount "56"]
[GameId "2160767911873390"]
[EventDate "1998.05.14"]
[EventType "swiss"]
[EventRounds "9"]
[EventCountry "CAN"]
[SourceTitle "CBM 65 ext"]
[Source "ChessBase"]
[SourceDate "1998.09.09"]
[SourceVersion "1"]
[SourceVersionDate "1998.09.09"]
[SourceQuality "1"]

1. e4 d5 2. exd5 Qxd5 3. Nc3 Qa5 4. d4 Nf6 5. Nf3 Bf5 6. Bc4 e6 7. Bd2 c6 8. Ne4 Qc7 9. Ng3 Bg6 10. h4 Ne4 11. Nxe4 Bxe4 12. Bb3 h6 13. Qe2 Bxf3 14. Qxf3 Bd6 15. O-O-O Nd7 16. Rhe1 Nf6 17. g4 O-O-O 18. g5 hxg5 19. hxg5 Nh5 20. g6 fxg6 21. Rxe6 Bf4 22. Be3 g5 23. Re4 b6 24. Re6 Kb7 25. Rh1 Nf6 26. Rxh8 Rxh8 27. Ba4 Qc8 28. Re7+ Kb8 1-0

[Event "Toronto int."]
[Site "Toronto CAN"]
[Date "1998.05.18"]
[Round "8"]
[White "Ochkoos, Jura"]
[Black "Goldenberg, Danny"]
[Result "0-1"]
[WhiteElo "2270"]
[BlackElo "2320"]
[PlyCount "32"]
[GameId "2160767911873392"]
[EventDate "1998.05.14"]
[EventType "swiss"]
[EventRounds "9"]
[EventCountry "CAN"]
[SourceTitle "CBM 65 ext"]
[Source "ChessBase"]
[SourceDate "1998.09.09"]
[SourceVersion "1"]
[SourceVersionDate "1998.09.09"]
[SourceQuality "1"]

1. e4 c5 2. Nf3 Nc6 3. c3 d5 4. exd5 Qxd5 5. d4 Bg4 6. Be2 e6 7. h3 Bh5 8. g4 Bg6 9. c4 Qd8 10. d5 Nb4 11. Ne5 Bc2 12. Qd2 Bd6 13. Nd3 Bxd3 14. Bxd3 Bf4 15. Qxb4 cxb4 16. Bxf4 Qf6 0-1

[Event "Toronto int."]
[Site "Toronto CAN"]
[Date "1998.05.18"]
[Round "8"]
[White "Okolotowicz, Zbigniew"]
[Black "Beckwith, Paul"]
[Result "1/2-1/2"]
[WhiteElo "2213"]
[BlackElo "2230"]
[PlyCount "42"]
[GameId "2160767911873393"]
[EventDate "1998.05.14"]
[EventType "swiss"]
[EventRounds "9"]
[EventCountry "CAN"]
[SourceTitle "CBM 65 ext"]
[Source "ChessBase"]
[SourceDate "1998.09.09"]
[SourceVersion "1"]
[SourceVersionDate "1998.09.09"]
[SourceQuality "1"]

1. e4 c5 2. Nf3 e6 3. d4 cxd4 4. Nxd4 a6 5. g3 d5 6. Qd3 dxe4 7. Qxe4 Nf6 8. Qd3 e5 9. Nb3 Qxd3 10. Bxd3 Nc6 11. c3 Bh3 12. Be2 Be7 13. Be3 O-O 14. N1d2 Rfd8 15. Bb6 Rd7 16. O-O-O Nd5 17. Nc4 Nxb6 18. Nxb6 Rxd1+ 19. Rxd1 Rd8 20. Rxd8+ Bxd8 21. Nd5 Be6 1/2-1/2

[Event "Toronto int."]
[Site "Toronto CAN"]
[Date "1998.05.18"]
[Round "8"]
[White "Rositsan, Boris"]
[Black "Lamb, Bryan"]
[Result "1-0"]
[WhiteElo "2241"]
[BlackElo "2110"]
[PlyCount "99"]
[GameId "2160767911873395"]
[EventDate "1998.05.14"]
[EventType "swiss"]
[EventRounds "9"]
[EventCountry "CAN"]
[SourceTitle "CBM 65 ext"]
[Source "ChessBase"]
[SourceDate "1998.09.09"]
[SourceVersion "1"]
[SourceVersionDate "1998.09.09"]
[SourceQuality "1"]

1. e4 e6 2. d4 d5 3. Nc3 Bb4 4. e5 Qd7 5. Bd2 b6 6. Nb5 Bf8 7. Bd3 Ne7 8. Nf3 a6 9. Nc3 c5 10. dxc5 bxc5 11. b3 Ng6 12. Na4 Qc7 13. O-O Nd7 14. c4 d4 15. b4 Bb7 16. Re1 cxb4 17. Nxd4 Ndxe5 18. Bxg6 hxg6 19. f4 Rd8 20. Nxe6 fxe6 21. Rxe5 Qd7 22. Qg4 Qd4+ 23. Kf1 Qxa1+ 24. Re1 Bxg2+ 25. Qxg2 Qf6 26. c5 Be7 27. c6 O-O 28. c7 Rc8 29. Qc6 e5 30. Rc1 exf4 31. Nb6 Qd4 32. Qe6+ Kh7 33. Qh3+ Kg8 34. Nxc8 Bc5 35. Ne7+ Kf7 36. Rxc5 Qxc5 37. c8=Q Rxc8 38. Nxc8 Qc4+ 39. Ke1 Qe4+ 40. Kd1 Qb1+ 41. Bc1 Qxa2 42. Qd7+ Kg8 43. Ne7+ Kf7 44. Nf5+ Kf6 45. Bb2+ Kg5 46. h4+ Kg4 47. Ne3+ Kh5 48. Qg4+ Kh6 49. Qxf4+ Kh7 50. Qd4 1-0

[Event "Toronto int."]
[Site "Toronto CAN"]
[Date "1998.05.18"]
[Round "8"]
[White "Rozentalis, Eduardas"]
[Black "Gurevich, Dmitry"]
[Result "1/2-1/2"]
[WhiteElo "2610"]
[BlackElo "2540"]
[PlyCount "41"]
[GameId "2160767911873396"]
[EventDate "1998.05.14"]
[EventType "swiss"]
[EventRounds "9"]
[EventCountry "CAN"]
[SourceTitle "CBM 65 ext"]
[Source "ChessBase"]
[SourceDate "1998.09.09"]
[SourceVersion "1"]
[SourceVersionDate "1998.09.09"]
[SourceQuality "1"]

1. e4 c5 2. c3 d5 3. exd5 Qxd5 4. d4 g6 5. Be3 cxd4 6. Qxd4 Nf6 7. Qxd5 Nxd5 8. Bd4 f6 9. Bc4 Be6 10. Na3 Nc6 11. Nf3 O-O-O 12. Rd1 Bg8 13. Bc5 b6 14. Be3 e5 15. Nc2 Kc7 16. Bb3 Na5 17. Bc1 g5 18. Bxd5 Bxd5 19. b3 Be7 20. Ba3 Bxa3 21. Nxa3 1/2-1/2

[Event "Toronto int."]
[Site "Toronto CAN"]
[Date "1998.05.18"]
[Round "8"]
[White "Southam, David"]
[Black "Dougherty, Michael"]
[Result "1-0"]
[WhiteElo "2155"]
[BlackElo "2275"]
[PlyCount "157"]
[GameId "2160767911873398"]
[EventDate "1998.05.14"]
[EventType "swiss"]
[EventRounds "9"]
[EventCountry "CAN"]
[SourceTitle "CBM 065 Extra"]
[Source "ChessBase"]
[SourceDate "1998.09.09"]
[SourceVersion "1"]
[SourceVersionDate "1998.09.09"]
[SourceQuality "1"]

1. d4 d5 2. Nf3 c6 3. c4 e6 4. Qc2 Nf6 5. Nbd2 Qa5 6. g3 Na6 7. Bg2 dxc4 8. Qxc4 c5 9. O-O b5 10. Qc2 Bb7 11. a4 Rc8 12. Nb3 Qb6 13. axb5 cxd4 14. Qd3 Nc5 15. Nxc5 Bxc5 16. Ne5 Bxg2 17. Kxg2 O-O 18. Nc6 Nd5 19. Bd2 Nc7 20. Nxa7 Ra8 21. b4 Rxa7 22. bxc5 Qxc5 23. Bb4 Qd5+ 24. e4 Qxb5 25. Qxb5 Nxb5 26. Bxf8 Rxa1 27. Rxa1 Kxf8 28. e5 Nc3 29. Ra6 Ke7 30. Rd6 Nd5 31. f4 f6 32. Ra6 g5 33. Ra7+ Kf8 34. Kf3 d3 35. Ra3 g4+ 36. Kf2 fxe5 37. fxe5 Nb4 38. Rb3 d2 39. Ke2 Nc6 40. Re3 Kg7 41. Kxd2 Kg6 42. Rb3 Nxe5 43. Ke3 Nf3 44. Kf4 Nxh2 45. Rb2 e5+ 46. Kxe5 Nf3+ 47. Kf4 h5 48. Rb6+ Kg7 49. Kf5 Nd2 50. Rb4 Kh6 51. Rb8 Kg7 52. Rd8 Nf3 53. Ra8 Nd2 54. Kg5 Ne4+ 55. Kxh5 Nxg3+ 56. Kxg4 Ne4 57. Kf4 Nc5 58. Kf5 Nb3 59. Ra7+ Kf8 60. Ke5 Ke8 61. Kd5 Nd2 62. Ra3 Ke7 63. Rd3 Nf1 64. Ke4 Ke6 65. Kf3 Ke5 66. Rd1 Nh2+ 67. Kg3 Ke4 68. Kxh2 Ke3 69. Kg2 Ke2 70. Rd8 Ke3 71. Re8+ Kf4 72. Kf2 Kf5 73. Kg3 Kf6 74. Kf4 Kg6 75. Re6+ Kg7 76. Kf5 Kf7 77. Re5 Kg7 78. Re7+ Kg8 79. Kg6 1-0

[Event "Toronto int."]
[Site "Toronto CAN"]
[Date "1998.05.18"]
[Round "8"]
[White "Stripunsky, Alexander"]
[Black "Novikov, Igor A"]
[Result "1/2-1/2"]
[WhiteElo "2475"]
[BlackElo "2550"]
[PlyCount "27"]
[GameId "2160767911873399"]
[EventDate "1998.05.14"]
[EventType "swiss"]
[EventRounds "9"]
[EventCountry "CAN"]
[SourceTitle "CBM 065 Extra"]
[Source "ChessBase"]
[SourceDate "1998.09.09"]
[SourceVersion "1"]
[SourceVersionDate "1998.09.09"]
[SourceQuality "1"]

1. e4 c5 2. Nf3 d6 3. d4 cxd4 4. Nxd4 Nf6 5. Nc3 a6 6. Bg5 e6 7. f4 Qb6 8. Qd2 Qxb2 9. Rb1 Qa3 10. Bxf6 gxf6 11. Be2 Bg7 12. h4 f5 13. Rh3 Qc5 14. Rd3 1/2-1/2

[Event "Toronto int."]
[Site "Toronto CAN"]
[Date "1998.05.18"]
[Round "8"]
[White "Taylor, Gordon"]
[Black "Golyak, Isay"]
[Result "0-1"]
[WhiteElo "2325"]
[BlackElo "2290"]
[PlyCount "86"]
[GameId "2160767911873400"]
[EventDate "1998.05.14"]
[EventType "swiss"]
[EventRounds "9"]
[EventCountry "CAN"]
[SourceTitle "CBM 065 Extra"]
[Source "ChessBase"]
[SourceDate "1998.09.09"]
[SourceVersion "1"]
[SourceVersionDate "1998.09.09"]
[SourceQuality "1"]

1. d4 Nf6 2. c4 d6 3. Nc3 e5 4. Nf3 Nbd7 5. e4 Be7 6. Be2 O-O 7. O-O Re8 8. Re1 Bf8 9. Bf1 g6 10. Rb1 a5 11. b3 Bg7 12. a3 c6 13. b4 axb4 14. axb4 Qc7 15. h3 Nf8 16. d5 cxd5 17. Nxd5 Nxd5 18. cxd5 f5 19. Be3 f4 20. Rc1 Qd8 21. Bd2 Bd7 22. b5 Qb6 23. Qb3 Bf6 24. Bb4 Rec8 25. Nd2 Bh4 26. Qf3 Rxc1 27. Rxc1 Ra2 28. Bc4 Ra4 29. Rb1 Qd4 30. Qe2 Bxb5 31. Bxb5 Rxb4 32. Rxb4 Qxb4 33. Nf3 Bd8 34. h4 Qc5 35. Kf1 Bb6 36. g3 fxg3 37. fxg3 h5 38. Kg2 Nh7 39. Bd7 Nf6 40. Be6+ Kg7 41. Ng5 Qg1+ 42. Kf3 Ng4 43. Bxg4 Qh1+ 0-1

[Event "Toronto int."]
[Site "Toronto CAN"]
[Date "1998.05.18"]
[Round "8"]
[White "Teodoro, Eduardo"]
[Black "Kapetanovic, Armin"]
[Result "0-1"]
[WhiteElo "2365"]
[BlackElo "2465"]
[PlyCount "76"]
[GameId "2160767911873401"]
[EventDate "1998.05.14"]
[EventType "swiss"]
[EventRounds "9"]
[EventCountry "CAN"]
[SourceTitle "CBM 65 ext"]
[Source "ChessBase"]
[SourceDate "1998.09.09"]
[SourceVersion "1"]
[SourceVersionDate "1998.09.09"]
[SourceQuality "1"]

1. e4 c5 2. Nf3 e6 3. d4 cxd4 4. Nxd4 Nc6 5. Nb5 d6 6. Bf4 e5 7. Be3 Nf6 8. Bg5 Qa5+ 9. Qd2 Qd8 10. Bxf6 gxf6 11. N1c3 a6 12. Na3 b5 13. Nd5 Be6 14. c3 f5 15. Bd3 Rc8 16. Nc2 fxe4 17. Bxe4 f5 18. Bf3 Qh4 19. g3 Qh6 20. Nce3 Ne7 21. Nxe7 Bxe7 22. Bb7 Rb8 23. Bc6+ Kf7 24. Bd5 Rhf8 25. Rd1 Kg7 26. Bxe6 Qxe6 27. Nd5 Bd8 28. O-O f4 29. f3 fxg3 30. hxg3 Kh8 31. Kg2 Rg8 32. Rh1 Rb7 33. Rh3 Rbg7 34. Rdh1 Qf5 35. Ne3 Qf4 36. Nf1 Rxg3+ 37. Rxg3 Rxg3+ 38. Kh2 Qh4# 0-1

[Event "Toronto int."]
[Site "Toronto CAN"]
[Date "1998.05.18"]
[Round "8"]
[White "Vucic, Mladen"]
[Black "Garcia, Gildardo"]
[Result "1/2-1/2"]
[WhiteElo "2365"]
[BlackElo "2505"]
[PlyCount "23"]
[GameId "2160767911873402"]
[EventDate "1998.05.14"]
[EventType "swiss"]
[EventRounds "9"]
[EventCountry "CAN"]
[SourceTitle "CBM 65 ext"]
[Source "ChessBase"]
[SourceDate "1998.09.09"]
[SourceVersion "1"]
[SourceVersionDate "1998.09.09"]
[SourceQuality "1"]

1. d4 d5 2. c4 e6 3. Nc3 Nf6 4. Nf3 Be7 5. cxd5 exd5 6. Bg5 c6 7. e3 Nbd7 8. Bd3 O-O 9. O-O Re8 10. Qc2 Nf8 11. Rab1 g6 12. b4 1/2-1/2

[Event "Toronto int."]
[Site "Toronto CAN"]
[Date "1998.05.18"]
[Round "9"]
[White "Dougherty, Michael"]
[Black "Ruiz, Richard"]
[Result "1-0"]
[WhiteElo "2275"]
[BlackElo "2165"]
[PlyCount "61"]
[GameId "2160767911873407"]
[EventDate "1998.05.14"]
[EventType "swiss"]
[EventRounds "9"]
[EventCountry "CAN"]
[SourceTitle "CBM 065 Extra"]
[Source "ChessBase"]
[SourceDate "1998.09.09"]
[SourceVersion "1"]
[SourceVersionDate "1998.09.09"]
[SourceQuality "1"]

1. d4 b6 2. c4 e6 3. Nf3 Bb4+ 4. Bd2 a5 5. g3 Bb7 6. Bg2 f5 7. O-O Bxd2 8. Nfxd2 Bxg2 9. Kxg2 Nf6 10. Nc3 O-O 11. d5 Na6 12. e4 Nc5 13. e5 Ng4 14. Nf3 Ne4 15. Qd4 Ng5 16. Nxg5 Qxg5 17. Ne2 Nxh2 18. Rh1 Ng4 19. Nf4 Qe7 20. f3 Nh6 21. Rh5 Rae8 22. Rah1 exd5 23. Qxd5+ Rf7 24. Re1 Qc5 25. Rg5 Kf8 26. e6 dxe6 27. Nxe6+ Rxe6 28. Qxe6 Re7 29. Qxe7+ Qxe7 30. Rxe7 Kxe7 31. Rxg7+ 1-0

[Event "Toronto int."]
[Site "Toronto CAN"]
[Date "1998.05.18"]
[Round "9"]
[White "Dutton, Warren"]
[Black "Gregorz, Ralph"]
[Result "1/2-1/2"]
[WhiteElo "2120"]
[BlackElo "2210"]
[PlyCount "89"]
[GameId "2160767911873409"]
[EventDate "1998.05.14"]
[EventType "swiss"]
[EventRounds "9"]
[EventCountry "CAN"]
[SourceTitle "CBM 65 ext"]
[Source "ChessBase"]
[SourceDate "1998.09.09"]
[SourceVersion "1"]
[SourceVersionDate "1998.09.09"]
[SourceQuality "1"]

1. e4 c5 2. Nc3 Nc6 3. g3 Nf6 4. Bg2 d5 5. Nxd5 Nxd5 6. exd5 Nb4 7. Ne2 Nxd5 8. d4 e6 9. c4 Nf6 10. d5 exd5 11. cxd5 Bd6 12. O-O O-O 13. Nc3 a6 14. h3 Bd7 15. Bg5 h6 16. Be3 Qc7 17. Qd2 Rfe8 18. Rac1 b5 19. a3 Re7 20. Rfd1 Rae8 21. Bxh6 gxh6 22. Qxh6 Nh7 23. b4 c4 24. Rd4 Bf5 25. Nd1 Bxg3 26. d6 Re1+ 27. Bf1 Bxd6 28. Rxd6 Bxh3 29. Rc3 Rxf1+ 30. Kh2 Re6 31. Rg3+ Bg4 32. Rxe6 fxe6 33. Qxe6+ Kf8 34. Qxg4 Nf6 35. Qf3 Qh7+ 36. Rh3 Qg7 37. Qa8+ Kf7 38. Qb7+ Kf8 39. Qc8+ Kf7 40. Qc7+ Kf8 41. Qc5+ Kf7 42. Qa7+ Kf8 43. Qb8+ Kf7 44. Qc7+ Kf8 45. Qd8+ 1/2-1/2

[Event "Toronto int."]
[Site "Toronto CAN"]
[Date "1998.05.18"]
[Round "9"]
[White "Garcia, Gildardo"]
[Black "Linskiy, Oleg"]
[Result "1/2-1/2"]
[WhiteElo "2505"]
[BlackElo "2375"]
[PlyCount "47"]
[GameId "2160767911873410"]
[EventDate "1998.05.14"]
[EventType "swiss"]
[EventRounds "9"]
[EventCountry "CAN"]
[SourceTitle "CBM 065 Extra"]
[Source "ChessBase"]
[SourceDate "1998.09.09"]
[SourceVersion "1"]
[SourceVersionDate "1998.09.09"]
[SourceQuality "1"]

1. e4 e5 2. Nf3 d6 3. d4 Nf6 4. Nc3 Nbd7 5. Bc4 Be7 6. O-O O-O 7. Re1 c6 8. a4 b6 9. b3 Bb7 10. Bb2 a6 11. Bd3 Re8 12. dxe5 dxe5 13. Ne2 Bb4 14. c3 Bf8 15. Ng3 Nc5 16. Bc2 a5 17. b4 Qxd1 18. Rexd1 Ncd7 19. Ba3 g6 20. Bb3 h6 21. Nd2 Ba6 22. Ndf1 axb4 23. cxb4 b5 24. Nd2 1/2-1/2

[Event "Toronto int."]
[Site "Toronto CAN"]
[Date "1998.05.18"]
[Round "9"]
[White "Gardner, Robert"]
[Black "Teodoro, Eduardo"]
[Result "1/2-1/2"]
[WhiteElo "2180"]
[BlackElo "2365"]
[PlyCount "48"]
[GameId "2160767911873411"]
[EventDate "1998.05.14"]
[EventType "swiss"]
[EventRounds "9"]
[EventCountry "CAN"]
[SourceTitle "CBM 65 ext"]
[Source "ChessBase"]
[SourceDate "1998.09.09"]
[SourceVersion "1"]
[SourceVersionDate "1998.09.09"]
[SourceQuality "1"]

1. e4 c5 2. Nf3 e6 3. d4 cxd4 4. Nxd4 a6 5. Bd3 Qc7 6. O-O b6 7. c4 Bb7 8. b3 Nf6 9. Nd2 Bd6 10. N4f3 Nc6 11. Bb2 Rc8 12. Qe2 Ng4 13. h3 Nge5 14. Nxe5 Nxe5 15. Nf3 Nxf3+ 16. Qxf3 Bh2+ 17. Kh1 Be5 18. Bxe5 Qxe5 19. Qe3 Qc7 20. Rad1 d6 21. Be2 O-O 22. Rd2 Rcd8 23. Rfd1 Rfe8 24. Rd3 g6 1/2-1/2

[Event "Toronto int."]
[Site "Toronto CAN"]
[Date "1998.05.18"]
[Round "9"]
[White "Goldenberg, Danny"]
[Black "Golyak, Isay"]
[Result "1/2-1/2"]
[WhiteElo "2320"]
[BlackElo "2290"]
[PlyCount "94"]
[GameId "2160767911873412"]
[EventDate "1998.05.14"]
[EventType "swiss"]
[EventRounds "9"]
[EventCountry "CAN"]
[SourceTitle "CBM 065 Extra"]
[Source "ChessBase"]
[SourceDate "1998.09.09"]
[SourceVersion "1"]
[SourceVersionDate "1998.09.09"]
[SourceQuality "1"]

1. e4 Nf6 2. e5 Nd5 3. d4 d6 4. Nf3 g6 5. c4 Nb6 6. exd6 cxd6 7. Be2 Bg7 8. O-O O-O 9. d5 Bg4 10. Ne1 Bxe2 11. Qxe2 N8d7 12. Na3 Rc8 13. Bg5 Re8 14. Rc1 h6 15. Be3 e6 16. dxe6 Rxe6 17. Nd3 Qh4 18. b3 Ne5 19. Nxe5 Bxe5 20. g3 Qf6 21. Rcd1 Bb2 22. Nc2 Rce8 23. Qd3 Nd7 24. Bd4 Bxd4 25. Qxd4 Re2 26. Qxd6 Qxd6 27. Rxd6 Rxc2 28. Rxd7 Rxa2 29. Rxb7 Ree2 30. Rd7 Reb2 31. Rd3 Ra3 32. Re1 Raxb3 33. Rxb3 Rxb3 34. Ra1 Rb7 35. Kg2 Kg7 36. Kf3 Re7 37. Ra6 Rc7 38. Ra4 Re7 39. c5 Kf6 40. Rf4+ Kg7 41. h4 h5 42. Ra4 f6 43. Rb4 Kf7 44. Kf4 Ke6 45. Re4+ Kf7 46. Ra4 Ke8 47. Ra6 Kf7 1/2-1/2

[Event "Toronto int."]
[Site "Toronto CAN"]
[Date "1998.05.18"]
[Round "9"]
[White "Haessel, Dale"]
[Black "Gandolfi, Fred"]
[Result "1-0"]
[WhiteElo "2225"]
[BlackElo "2210"]
[PlyCount "113"]
[GameId "2160767911873414"]
[EventDate "1998.05.14"]
[EventType "swiss"]
[EventRounds "9"]
[EventCountry "CAN"]
[SourceTitle "CBM 65 ext"]
[Source "ChessBase"]
[SourceDate "1998.09.09"]
[SourceVersion "1"]
[SourceVersionDate "1998.09.09"]
[SourceQuality "1"]

1. e4 c5 2. Nc3 g6 3. g3 Bg7 4. Bg2 e6 5. d3 Ne7 6. Be3 d6 7. f4 Nbc6 8. Nf3 Rb8 9. O-O b6 10. d4 O-O 11. Qd2 Ba6 12. Rfd1 e5 13. fxe5 cxd4 14. Nxd4 Nxd4 15. Bxd4 dxe5 16. Be3 Qxd2 17. Rxd2 Nc6 18. Rad1 Nd4 19. Nd5 Be2 20. Re1 Nf3+ 21. Bxf3 Bxf3 22. Bf2 Bg4 23. c4 Be6 24. b3 Kh8 25. c5 f5 26. cxb6 axb6 27. Nxb6 fxe4 28. Rd6 Bh3 29. a4 Rf3 30. Re3 Rbf8 31. Rxf3 Rxf3 32. Rd8+ Bf8 33. Nc4 Kg7 34. Nxe5 Rxb3 35. Bd4 Ba3 36. g4 h5 37. g5 Be7 38. Ra8 Bf5 39. Nc6+ Kf7 40. Ra7 Ke6 41. Nxe7 e3 42. Nxf5 Kxf5 43. Re7 Kxg5 44. Bxe3+ Kf6 45. Bc5 Kf5 46. Re3 Rb1+ 47. Kf2 g5 48. a5 Rb5 49. Bb6 g4 50. Ra3 h4 51. Ra2 g3+ 52. hxg3 hxg3+ 53. Kxg3 Ke6 54. a6 Rg5+ 55. Kf4 Rg8 56. a7 Ra8 57. Bc7 1-0

[Event "Toronto int."]
[Site "Toronto CAN"]
[Date "1998.05.18"]
[Round "9"]
[White "Jung, Hans"]
[Black "Okolotowicz, Zbigniew"]
[Result "0-1"]
[WhiteElo "2346"]
[BlackElo "2213"]
[PlyCount "42"]
[GameId "2160767911873417"]
[EventDate "1998.05.14"]
[EventType "swiss"]
[EventRounds "9"]
[EventCountry "CAN"]
[SourceTitle "CBM 65 ext"]
[Source "ChessBase"]
[SourceDate "1998.09.09"]
[SourceVersion "1"]
[SourceVersionDate "1998.09.09"]
[SourceQuality "1"]

1. e4 c5 2. d4 e6 3. d5 exd5 4. exd5 d6 5. c4 g6 6. Bd3 Bg7 7. h4 Ne7 8. h5 Bf5 9. hxg6 hxg6 10. Rxh8+ Bxh8 11. Ne2 Nd7 12. Nbc3 Ne5 13. Bxf5 Nxf5 14. Bf4 Qh4 15. Qa4+ Kf8 16. Bxe5 Bxe5 17. O-O-O Qxf2 18. Qd7 Ne3 19. Rh1 Bxc3 20. bxc3 Qxe2 21. Qxd6+ Kg8 0-1

[Event "Toronto int."]
[Site "Toronto CAN"]
[Date "1998.05.18"]
[Round "9"]
[White "Milicevic, Goran"]
[Black "Friedman, Aviv"]
[Result "1/2-1/2"]
[WhiteElo "2370"]
[BlackElo "2360"]
[PlyCount "89"]
[GameId "2160767911873418"]
[EventDate "1998.05.14"]
[EventType "swiss"]
[EventRounds "9"]
[EventCountry "CAN"]
[SourceTitle "CBM 65 ext"]
[Source "ChessBase"]
[SourceDate "1998.09.09"]
[SourceVersion "1"]
[SourceVersionDate "1998.09.09"]
[SourceQuality "1"]

1. d4 e6 2. e4 d5 3. e5 c5 4. c3 Ne7 5. Nf3 Nec6 6. a3 a5 7. Bd3 b6 8. Bg5 Be7 9. Bxe7 Qxe7 10. O-O Ba6 11. dxc5 bxc5 12. a4 O-O 13. Na3 Bxd3 14. Qxd3 Nd7 15. Rfe1 c4 16. Qc2 Nc5 17. Nb5 Rab8 18. Re3 Rb6 19. Nfd4 Rfb8 20. f4 Nxd4 21. cxd4 Nxa4 22. Nd6 Rxb2 23. Qd1 Qh4 24. Qf1 c3 25. Rc1 g6 26. Rf3 Qe7 27. h3 f5 28. Kh2 Qa7 29. Qe1 Qe7 30. Qf1 Qd7 31. h4 Rd2 32. Rg3 Rxd4 33. h5 Kg7 34. Qf2 Rbb4 35. Rf3 Qe7 36. Qg3 g5 37. Rcxc3 Nxc3 38. Rxc3 Rdc4 39. Nxc4 dxc4 40. fxg5 Qf7 41. g6 hxg6 42. Qg5 f4 43. hxg6 Qxg6 44. Qe7+ Qf7 45. Qg5+ 1/2-1/2